Responses for Show #1396 - Monday, October 1, 1990

Jim Scott game 5. Crackle.com listed date as October 10, 1990.

Contestants

David Hall, a musician from Melrose, Massachusetts

Mark Thompson, a Realtor from Lexington, Massachusetts

Jim Scott, a college student from Charlottesville, Virginia (whose 4-day cash winnings total $44,700)

Jeopardy! Round responses

6-LETTER WORDS
ALBERTA
THE GOLDEN GLOBE AWARDS
FOOD FACTS
PHYSICS
KING ARTHUR
    $100 12
(Mark: What is babble?)
(David: What is mimic?)

parrot

JimMarkDavid
    $100 1
Calgary

Jim
    $100 21
King Kong

David
    $100 23
paper

Jim
    $100 4
gravity

Mark
    $100 7
(David: What is the Round Table?)

Camelot

David
Triple Stumper
    $200 15
(Mark: What is shalom?)

salaam

Mark
Triple Stumper
    $200 2
(Jim: What is Central?)

Mountain

JimDavid
    $200 22
Love Story

Mark
    $200 24
Newtons

Jim
    $200 5
liquid, solid & gas

Mark
    $200 8
Excalibur

David
    $300 16
wallow

Jim
    $300 3
Edmonton

Mark
    $300 28
[The end-of-round signal sounds.]

Shirley MacLaine

David
    $300 25
the Bartlett

Jim
    $300 6
electrons

David
    $300 9
Avalon

Triple Stumper
    $400 17
eyelet

David
    $400 13
the chinook

Jim
    $800 26
(Alex: And with a minute to go in the round, you have just hit the Daily Double.)
...
(Jim: What is Germany?)
(Alex: Oh, no. You probably know the cheese better as Swiss cheese.)

Switzerland

Jim
    $400 19
resilience (or elasticity)

Mark
    $400 10
(Jim: Who is Lancelot?)

Percival (or Galahad or Bors)

JimDavid
    $500 18
Schism

Mark
    $500 14
Banff

Jim
    $500 27
red & white

Jim
    $500 20
a pole

Triple Stumper
    $500 11
The Once and Future King

Mark

Scores at the first commercial break (after clue 13):

Jim Mark David
$0 $1,000 $900

Scores at the end of the Jeopardy! Round:

Jim Mark David
$1,100 $1,900 $1,700

Double Jeopardy! Round responses

WORLD LEADERS
OPERA
U.S. HISTORY
EUROPEAN ARTISTS
RIVERS
NAME THE AUTHOR
    $200 2
Tito

Mark
    $200 12
a comic opera

Mark
    $200 7
the Democratic Party

Mark
    $200 13
Victoria

Jim
    $200 1
the St. Lawrence

Mark
    $200 18
(Jim: Who is Washington?)

Washington Irving

JimMark
    $400 3
[Note: Alex reads "O." as "Omar".]

the Panama Canal

David
    $400 26
England

Jim
    $400 8
the American Bar Association

Mark
    $400 14
Gauguin

Jim
    $400 25
the Volga

Jim
    $600 4
Honecker

Jim
    $600 27
mom

Triple Stumper
    $600 10
the America

David
    $600 15
Holland) or the Netherlands)

Jim
    $600 23
(Jim: What is the Mekong?)

(the) Saigon (River)

JimDavid
    $800 5
Brezhnev

Jim
    $800 24
O'Neill

Jim
    $800 9
(U.S.) Grant

Jim
    $2,000 16
(Jim: What is K-L-É with an accent aigu-E?)
[Jim was originally credited with a correct response. Just before Final Jeopardy!, this ruling was reversed, as the judges were unable to find evidence of the accent mark in the spelling of Klee's name.]

Klee

Jim
    $800 22
the Bay of Biscay

Jim
    $800 20
William Faulkner

Triple Stumper
    $1000 6
Ian Smith

Mark
    $1000 28
(David: Who is Puccini?)
...
[The end-of-round signal sounds.]

Giuseppe Verdi

David
Triple Stumper
    $1000 11
Chicago

Triple Stumper
    $1000 17
Louis XV

Mark
    $3,500 21
(Mark: What is the Congo?)
(Alex: No, sorry, you picked the wrong one. One of the richest countries would be Nigeria; one of the poorest, Niger.)

the Niger River

Mark
    $1000 19
John Steinbeck

Triple Stumper

Scores at the end of the Double Jeopardy! Round:

Jim Mark David
$4,100 $1,800 $2,300

[wagering suggestions for these scores]

Final Jeopardy! Round responses

SPORTS
MarkWhat is St. Louis?
$1,800
DavidWhat is St Louis?
$2,300
JimWhat is St Louis?
$500
St. Louis

Final scores:

Jim Mark David
$4,600 $3,600 $4,600
5-day co-champion: $49,300 2nd place: trip to New York City New co-champion: $4,600

Game dynamics:

Coryat scores:

Jim Mark David
$6,900 $5,300 $2,300
19 R,
6 W
(including 2 DDs)
15 R,
3 W
(including 1 DD)
10 R,
3 W

Combined Coryat: $14,500

[game clues] [game scores] [suggest correction]

Game tape date: 1990-08-20
The J! Archive is created by fans, for fans. Scraping, republication, monetization, and malicious use prohibited; this site may use cookies and collect identifying information. See terms. The Jeopardy! game show and all elements thereof, including but not limited to copyright and trademark thereto, are the property of Jeopardy Productions, Inc. and are protected under law. This website is not affiliated with, sponsored by, or operated by Jeopardy Productions, Inc. Join the discussion at JBoard.tv.